000 00511nam a2200181Ia 4500
008 240925s9999 xx 000 0 und d
020 _a9788180140849
082 _a338.4791068 HAR
100 _aHarrington, Denis.
245 0 _aManaging Quality in Tourism: theory and practice.
250 _aNA
260 _aNew Delhi:
_bStandard Publishers Distributors
_c,2007.
300 _a138p.
_bN.A
_fOriginal
500 _aIncludes Index
600 _aSocial Sciences
650 _aSocial Sciences
942 _cBK
999 _c17705
_d17705